MARC details
| 000 -BAŞLIK |
| Sabit Uzunluktaki Kontrol Alanı |
03848nam a22003737a 4500 |
| 001 - KONTROL NUMARASI |
| Control Dosyası |
0009093 |
| 003 - KONTROL NUMARASI KİMLİĞİ |
| Kontrol Alanı |
KOHA_MİRAKIL |
| 005 - EN SON İŞLEM TARİHİ ve ZAMANI |
| Kontrol Alanı |
20260207001658.0 |
| 007 - FİZİKSEL TANIM SABİT ALAN - GENEL BİLGİ |
| Sabit uzunluklu kontrol alanı |
ta |
| 008 - SABİT UZUNLUKTAKİ VERİ ÖGELERİ - GENEL BİLGİ |
| Sabit Alan |
091120b2008 tu |||gr||||#||||0|tur | |
| 020 ## - ISBN - ULUSLARARASI STANDART KİTAP NUMARASI |
| Isbn |
9789752636781 |
| Kullanılabilirlik koşulları |
14,95 |
| 040 ## - KATALOGLAMA KAYNAĞI |
| Özgün Kataloglama Kurumu |
TR-BiSEU |
| Kataloglama Dili |
tur |
| Çeviri Kurumu |
TR-BiSEU |
| Açıklama Kuralları |
rda |
| 041 0# - DİL KODU |
| Metin ya da ses kaydının dil kodu |
tur |
| 044 ## - YAYINLAYAN/ÜRETEN KURULUŞUN ÜLKE KODU |
| ISO country code |
tu |
| 050 ## - SINIFLAMA ve YER NUMARASI |
| Sınıflama Numarası |
HQ1170 |
| Yer Numarası |
.B64 2008 |
| 100 1# - KİŞİ ADI |
| Yazar Adı (Kişi adı) |
Böhürler, Ayşe. |
| 245 1# - ESER ADI BİLDİRİMİ |
| Başlık |
Duvarların arkasında : |
| Alt Eseradı vb. |
müslüman ülkerlerde kadın/ |
| Sorumluluk Bildirimi |
Ayşe Böhürler ; Ayşe Böhürler, Aslıhan Eker; editör Esma Ürkmez. |
| 264 #1 - ÜRERİM, YAYIN, DAĞITIM ve TELİF BİLDİRİMİ |
| Yayın yeri |
İstanbul : |
| Yayınlayan |
Timaş Yayınları |
| Yayın tarihi |
2008 |
| 300 ## - FİZİKSEL TANIMLAMA |
| Sayfa, Cilt vb. |
550 sayfa: resimli |
| 336 ## - İÇERİK TÜRÜ |
| Content type term |
metin |
| Content type code |
txt |
| Source |
rdacontent |
| 337 ## - MEDYA TÜRÜ |
| Media type term |
aracısız |
| Media type code |
n |
| Source |
rdamedia |
| 338 ## - TAŞIYICI TÜRÜ |
| Carrier type term |
cilt |
| Carrier type code |
nc |
| Source |
rdacarrier |
| 490 1# - DİZİ BİLDİRİMİ |
| Dizi Bildirimi |
Timaş Yayınları ; |
| Cilt Numarası |
1755. |
| 490 1# - DİZİ BİLDİRİMİ |
| Dizi Bildirimi |
Sosyoloji Dizisi ; |
| Cilt Numarası |
10. |
| 500 ## - GENEL NOT |
| Genel Not |
Cover title: Müslüman ülkelerde kadın: duvarların arkasında. |
| 500 ## - GENEL NOT |
| Genel Not |
Dizin var. |
| 505 ## - İÇİNDEKİLER NOTU |
| İçindekiler Notu |
Kadınların perdelenmemiş sesi: |
| 650 #0 - KONU BAŞLIĞI EK GİRİŞ - KONU TERİMİ |
| Konusal terim veya coğrafi ad |
Muslim women. |
| 9 (RLIN) |
12614 |
| 650 #0 - KONU BAŞLIĞI EK GİRİŞ - KONU TERİMİ |
| Konusal terim veya coğrafi ad |
Women's rights--Islamic countries. |
| 9 (RLIN) |
22661 |
| 650 #0 - KONU BAŞLIĞI EK GİRİŞ - KONU TERİMİ |
| Konusal terim veya coğrafi ad |
Women's rights--Religious aspects--Islam. |
| 9 (RLIN) |
22662 |
| 830 1# - SERİ EK GİRİŞİ - TEKBİÇİM ESER ADI |
| Tekbiçim Başlık |
Timaş Yayınları ; |
| Volume number/sequential designation |
1755. |
| 9 (RLIN) |
9767 |
| 830 1# - SERİ EK GİRİŞİ - TEKBİÇİM ESER ADI |
| Tekbiçim Başlık |
Sosyoloji Dizisi ; |
| Volume number/sequential designation |
10. |
| 9 (RLIN) |
22663 |
| 942 ## - EK GİRİŞ ÖGELERİ (KOHA) |
| Source of classification or shelving scheme |
Library of Congress Classification |
| Koha item type |
Book |
| 505 ## - İÇİNDEKİLER NOTU |
| -- |
Gazeteci yazar Ayşe Böhürler çarpıcı projesi Duvarların Arkasında'da 13 Müslüman ülkeden 140'a yakın kadının ülkesinin ya da önyargıların duvarlarını aşma mücadelesini anlatıyor. |
| -- |
|
| -- |
*Burkaların, peçelerin arkasında tasvir edilen Müslüman kadın tipi ne kada gerçeği yansıtıyor? |
| -- |
|
| -- |
*Bu konudaki önyargılar ne kadar doğru |
| -- |
|
| -- |
*Coğrafi ve kültürel farklar bu kadınların hayatına, dinî yorumlara nasıl yansımış? |
| -- |
|
| -- |
*Önlerinde görünen ve görünmeyen duvarlar neler? |
| -- |
|
| -- |
*Nasıl bir kadın özgürlüğü modelini benimsiyorlar? |
| -- |
|
| -- |
* Dindar ve modern olmak arasında nerede duruyorlar?" |
| -- |
|
| -- |
Duvarların Arkasında kitabı gazetece-yazar Ayşe Böhürler'in yaklaşık üç yıllık çalışmasının ürünü. Aslında bir belgesel projesi olan Duvarların Arkasında, kapsamının genişliği nedeniyle belgesel sınırlarını aşan bilgi dağarını kitap haline gelerek herkesle paylaşıyor. Orijinal metinlerinin Arapça, Farsça, İngilizce, Fransızca, Urduca ve Malayca'dan çevrilip tekrarlardan arındırılarak başlıklandırmalarla sunulduğu kitapta 13 Müslüman ülkeden 140'a yakın kişiyle yapılan röportajlar yer alıyor. Kadın bakanlar ve milletvekilleri, sivil toplum kuruluşu başkanları ve kadın aktivistleri, medya mensupları, yazar ve sanatçılar, öğretmenler, öğrenciler ve daha birçok meslek alanından kişiler, siyaseti, sosyal hayatı, şiddeti, çabayı, sorunları ve çözümleri okurlarla paylaşıyor... |
| -- |
|
| -- |
"Kadın hayatına yönelik olarak İslam ülkelerinde hatta Türkiye'de bile büyük travmaların hâlâ yaşandığını hepimiz biliyoruz. Duvarların Arkasında bu travmaların azaltılmasında bir rol oynayabilir. Yani insana, kadına, Müslüman kadının hayatına biraz daha merhametli, insani ve insaflı bakışı da getirir, diye umut ediyorum." |
| -- |
Prof. Dr. Beşir Atalay, İçişleri Bakanı |
| -- |
|
| -- |
"Belgeseli'nin bir kaç ülkedeki çekimine katılarak bir tür yol arkadaşlığı yaptım. Şimdi bu belgeselin kitaplaşmasının hepimiz için hem çok ilginç, hem de çok öğretici olduğunu düşünüyorum." Nuray Mert |
| -- |
Ayşe Böhürler, Malezya'dan Endonezya'ya, İran'dan Cezayir'e İslam coğrafyasındaki "duvarların arkasında"ki kadını gözümüzün önüne getiriyor... Kendi kulvarında çok nadir, üstelikte referans oluşturacak türde kalıcı bir çalışma. Kitaplaştırarak konuyla ilgili her çaresiz kalanın bir başvuru kitabı haline getirdiği için da kendisine ayrıca teşekkür etmek gerek..." |
| -- |
Mehmet Altan |
| -- |
|